000 00775nam a2200241 a 4500
001 BRCA_7016
005 20190321142924.0
008 251111s1900----gw-a######---#000-0#ger-#
041 _ager
044 _agw
050 4 _b.F75
_c1900
245 1 0 _aAnekdoten
_cvon Friedrich dem Grosen ; Mit sechs Holzschnitten von Adolph Menzel
260 _aLeipzig, Alemania
_bInsel-Verlag
_c[19--?]
300 _a82 p.
_bil., 6 láminas
_c19 cm.
440 0 _aInfet Bücherei
_v159
_917453
500 _aEstado físico: lomo roto
500 _aO25
600 1 4 _aFriedrich II, Rey de Prusia
_d1712-1786
_xAnécdotas
_917454
651 4 _aPrusia (Alemania)
_vFuentes
_xHistoria - Federico II, 1740-1786
_917455
700 1 _aMenzel, Adolph
_eil.
_917456
902 _aGFM
942 _2lcc
_cB
999 _c6697
_d6697